Internal auditing : an integrated approach (Record no. 199576)

MARC details
000 -LEADER
fixed length control field 00295nam a2200097Ia 4500
082 ## - DEWEY DECIMAL CLASSIFICATION NUMBER
Classification number 657.458 CASC
008 - FIXED-LENGTH DATA ELEMENTS--GENERAL INFORMATION
fixed length control field 210817s9999 xx 000 0 und d
100 ## - MAIN ENTRY--PERSONAL NAME
Personal name CASCARINO, Richard Lansdowne, South Africa, 2005
9 (RLIN) 63073
245 #0 - TITLE STATEMENT
Title Internal auditing : an integrated approach
942 ## - ADDED ENTRY ELEMENTS
item type Books
Holdings
Withdrawn status Lost status Damaged status Not for loan Home library Current library Date acquired Cost, normal purchase price Total Checkouts Barcode Date last seen Price effective from item type
        Lebohang Lebohang 18.08.2021 405.00   33228014010399 18.08.2021 18.08.2021 Books